| 000 | 00585nam a2200253Ia 4500 | ||
|---|---|---|---|
| 008 | 210210b2013 xxu||||| |||| 00| 0 eng d | ||
| 020 | _a9789381576038 | ||
| 041 | _aeng | ||
| 082 | _a820.33 NEEA | ||
| 100 | _aNEELAKANTAN (Anand) | ||
| 245 |
_aAjaya: epic of the kaurava clan _bRoll of the dice |
||
| 260 |
_aIndia _bPlatinum Press _c2013 |
||
| 300 | _a455 | ||
| 650 | _athe | ||
| 650 | _aRoll | ||
| 650 | _aof | ||
| 650 | _akaurava | ||
| 650 | _aepic | ||
| 650 | _adice | ||
| 650 | _aclan | ||
| 650 | _aAjaya: | ||
| 690 | _aIndian English Fiction | ||
| 906 | _a068174 | ||
| 999 |
_c149269 _d149269 |
||